=LDR 00000nam 2200000 4500 =001 NUTBA000000000005425 =005 20141029160728.0 =006 =007 =008 =035 ##$$a 0010-101400000000655 =040 ##$$a NBPDMAT =082 ##$$a 907.6 =090 ##$$a 907.6 Ari l =100 ##$$a Ariesti Praptiwi =245 ##$$a LKS utama sejarah program IPA dan MA kelas XI semester 1 $cAriesti Praptiwi; Penyunting Rozawirianningsih =260 ##$$a Jakarta$bWidya Utama$c2007 =300 ##$$a 70 hlm$bilus$c27 cm =650 ##$$a Sejarah - LKS =850 ##$$a NBPDMAT